000 00596cam a2200217 a 4500
001 4435098
005 20180307032929.0
008 941025s1995 caua 001 0 eng
010 _a 94042763
020 _a0805366504
040 _aDLC
_cDLC
_dDLC
041 _aeng
080 _a547 LOU
082 0 0 _a547 LOU
_220
100 1 _a12
101 _aKIM
245 1 0 _aOrganic chemistry /
_cG. Marc Loudon.
906 _a7
_bcbc
_corignew
_d1
_eocip
_f19
_gy-gencatlg
942 _2ddc
_cBK
999 _c44246
_d44246